Variety of men / (Record no. 23682)
[ view plain ]
| 000 -LEADER | |
|---|---|
| fixed length control field | 00806cam a22002531 4500 |
| 001 - CONTROL NUMBER | |
| control field | 23682 |
| 003 - CONTROL NUMBER IDENTIFIER | |
| rucl marc code | BD-RjUL |
| 005 - DATE AND TIME OF LATEST TRANSACTION | |
| control field | 20211209000946.0 |
| 008 - FIXED-LENGTH DATA ELEMENTS--GENERAL INFORMATION | |
| fixed length control field | 140311s1967 nyu 000 0ceng d |
| 035 ## - SYSTEM CONTROL NUMBER | |
| System control number | (BD-RjUL)23747 |
| System control number | (OCoLC)391820 |
| 040 ## - CATALOGING SOURCE | |
| Original cataloging agency | DLC |
| Transcribing agency | ODaWU |
| Modifying agency | OCoLC |
| -- | BD-RjUL |
| Language of cataloging | eng |
| 041 ## - LANGUAGE CODE | |
| Language code of text/sound track or separate title | eng |
| 082 ## - DEWEY DECIMAL CLASSIFICATION NUMBER | |
| Classification number | 920.71 |
| Author mark and year | SNV 1967 |
| 100 1# - MAIN ENTRY--PERSONAL NAME | |
| Personal name | Snow, C. P. |
| Fuller form of name | (Charles Percy), |
| Dates associated with a name | 1905-1980. |
| 9 (RLIN) | 22516 |
| 245 10 - TITLE STATEMENT | |
| Title | Variety of men / |
| Statement of responsibility, etc. | [by] C.P. Snow. |
| 260 ## - PUBLICATION, DISTRIBUTION, ETC. (IMPRINT) | |
| Place of publication, distribution, etc. | New York : |
| Name of publisher, distributor, etc. | Macmillan, |
| Date of publication, distribution, etc. | 1967. |
| 300 ## - PHYSICAL DESCRIPTION | |
| Pagination | x, 204p. ; |
| Size | 24 cm. |
| 505 0# - FORMATTED CONTENTS NOTE | |
| Formatted contents note | Rutherford.--G.H. Hardy.--H.G. Wells.--Einstein.--Lloyd George.--Winston Churchill.--Robert Frost.--Dag Hammarskjöld.--Stalin. |
| 650 #0 - SUBJECT ADDED ENTRY--TOPICAL TERM | |
| Topical term or geographic name as entry element | Biography |
| Chronological subdivision | 20th century. |
| 9 (RLIN) | 72921 |
| 942 ## - ADDED ENTRY ELEMENTS (KOHA) | |
| Source of classification or shelving scheme | Dewey Decimal Classification |
| Koha item type | Books |
| Lost status | Source of classification or shelving scheme | Damaged status | Not for loan | Collection code | Permanent Location | Current Location | Shelving location | Date acquired | Source of acquisition | Cost, normal purchase price | Total Checkouts | Full call number | Date last seen | Copy number | Koha item type |
|---|---|---|---|---|---|---|---|---|---|---|---|---|---|---|---|
| Dewey Decimal Classification | Non-fiction | Central Library, University of Rajshahi | Central Library, University of Rajshahi | 02/11/1968 | Zeitlinger | 30.00 | 920.71 SNV 1967 | 11/03/2014 | C-2 | Books | |||||
| Dewey Decimal Classification | Added to bundle | Non-fiction | Central Library, University of Rajshahi | Central Library, University of Rajshahi | Reading Room | 02/11/1968 | Zetlinger | 30.00 | 920.71 SNV 1967 | 15/03/2014 | C-1 | Books |